Droit, pratique et réforme institutionnelle de l'union africaine / (Record no. 7004)

MARC details
000 -LEADER
fixed length control field 02457nam a2200289Mi 4500
001 - CONTROL NUMBER
control field on1272848285
003 - CONTROL NUMBER IDENTIFIER
control field TZ-ArACH
005 - DATE AND TIME OF LATEST TRANSACTION
control field 20230727161659.0
008 - FIXED-LENGTH DATA ELEMENTS--GENERAL INFORMATION
fixed length control field 210923s2019uuuuti f 000 0 fre d
020 ## - INTERNATIONAL STANDARD BOOK NUMBER
International Standard Book Number 9789973797612 (br)
020 ## - INTERNATIONAL STANDARD BOOK NUMBER
International Standard Book Number 9973797612 (br)
040 ## - CATALOGING SOURCE
Original cataloging agency ZWZ
Language of cataloging fre
Description conventions ncafnor
Transcribing agency TZ-ArACH
049 ## - LOCAL HOLDINGS (OCLC)
Holding library TZAA
050 ## - LIBRARY OF CONGRESS CALL NUMBER
Classification number KQE721
Item number .G84 2019
100 1# - MAIN ENTRY--PERSONAL NAME
Personal name Gueldich, Hajer.
Relator code aut
Relator term Auteur.
245 10 - TITLE STATEMENT
Title Droit, pratique et réforme institutionnelle de l'union africaine /
Statement of responsibility, etc Hajer Gueldich,... ; préface de : Pr. Rafaâ Ben Achour,....
260 ## - PUBLICATION, DISTRIBUTION, ETC. (IMPRINT)
Place of publication, distribution, etc Tunis;
Name of publisher, distributor, etc Konrad Adenauer Stiftung and Université de Carthage
Date of publication, distribution, etc 2019.
300 ## - PHYSICAL DESCRIPTION
Extent 1 vol. (438 p.) :
Other physical details couv. ill. en coul. ;
Dimensions 24 EUR.
504 ## - BIBLIOGRAPHY, ETC. NOTE
Bibliography, etc Bibliogr. p.403-438. Notes bibliogr. En fin d'ouvrage, choix de documents.
520 ## - SUMMARY, ETC.
Summary, etc Le présent ouvrage a pour objectif principal de faire connaître aux lecteurs les règles de fonctionnement de l'Union africaine, ainsi que les principes fondamentaux du droit de l'Union africaine. La finalité de l'ouvrage aspire à ce que les jeunes Africains qui prendront la relève et baliseront le terrain pour la mise en oeuvre des objectifs de l'Agenda 2063, puissent acquérir de solides connaissances des différents principes qui régissent le fonctionnement de l'Union africaine, ses différents départements, ainsi que le rôle qu'ils sont appelés à jouer dans le développement du continent ; qu'ils puissent maîtriser les règles juridiques existantes devant favoriser l'intégration africaine et se familiariser avec les stratégies de l'Union africaine pour la paix, la sécurité et la stabilité du continent. L'ouvrage est destiné aux diplomates, avocats, magistrats, juristes, chercheurs, enseignants, étudiants, praticiens, ainsi qu'à toute personne intéressée par le droit et la pratique de l'Union africaine, dans un langage facile et accessible. Il est divisé en trois parties qui sont les suivantes : 1. Présentation des institutions et organes de l'Union africaine ; 2. Présentation de quelques illustrations des principes innovants du droit de l'Union africaine ; 3. Présentation de la réforme institutionnelle de l'Union africaine.
610 27 - SUBJECT ADDED ENTRY--CORPORATE NAME
Corporate name or jurisdiction name as entry element Union africaine.
Source of heading or term ram
650 #7 - SUBJECT ADDED ENTRY--TOPICAL TERM
Topical term or geographic name as entry element Droit international
Geographic subdivision Afrique.
Source of heading or term ram
655 #7 - INDEX TERM--GENRE/FORM
Genre/form data or focus term Indexation Forme ou Genre Rameau.
Source of term ram
700 1# - ADDED ENTRY--PERSONAL NAME
Personal name Ben Achour, Rafa�a
Dates associated with a name (1952-....).
Relator code aui
Relator term Pr�eface.
886 2# - FOREIGN MARC INFORMATION FIELD
2 unimarc
a 181
-- i#
b xxxe##
942 ## - ADDED ENTRY ELEMENTS (KOHA)
Source of classification or shelving scheme Library of Congress Classification
Koha item type Books
Holdings
Home library Current library Date acquired Full call number Barcode Koha item type Public note
African Court on Human and Peoples' Rights Library African Court on Human and Peoples' Rights Library 27/07/2023 KQE721 .G84 2019 1019231X Books Donation from Prof. Hajer Gueldich, Chair, AUCIL, 2022

African Court on Human and Peoples' Rights | For Inquiries Contact » +255 272 510 510